书目信息 |
| 题名: |
新编中国药典中药实用图谱
|
|
| 作者: | 林余霖 主编 | |
| 分册: | ||
| 出版信息: | 北京 华龄出版社 2021.05 |
|
| 页数: | 13, 304页 | |
| 开本: | 24cm | |
| 丛书名: | ||
| 单 册: | ||
| 中图分类: | R282-64 | |
| 科图分类: | ||
| 主题词: | 中药材--zhong yao cai--图谱 | |
| 电子资源: | ||
| ISBN: | 978-7-5169-1859-3 | |
| 000 | 00984nam0 2200241 450 | |
| 001 | 24853 | |
| 005 | 20220918111508.96 | |
| 010 | @a978-7-5169-1859-3@dCNY89.00 | |
| 100 | @a20210923d2021 em y0chiy50 ea | |
| 101 | 0 | @achi |
| 102 | @aCN@b110000 | |
| 105 | @aa z 000yy | |
| 200 | 1 | @a新编中国药典中药实用图谱@Axin bian zhong guo yao dian zhong yao shi yong tu pu@f林余霖主编 |
| 210 | @a北京@c华龄出版社@d2021.05 | |
| 215 | @a13, 304页@c图@d24cm | |
| 300 | @a以《中华人民共和国药典 (2020年版第一部) 》为蓝本 | |
| 330 | @a本书以《中华人民共和国药典》 (2020年版 一部) 为蓝本 (以下简称《药典》) , 详尽收栽了《药典》中普遍常用的300余种中药材, 精选原中药物种高度清晰彩色图片600余幅, 填补了国家药典没有原物种图片的空白。 | |
| 517 | 1 | @a中国药典中药实用图谱@Azhong guo yao dian zhong yao shi yong tu pu |
| 606 | 0 | @a中药材@Azhong yao cai@j图谱 |
| 690 | @aR282-64@v5 | |
| 701 | 0 | @a林余霖@Alin yu lin@4主编 |
| 801 | 0 | @aCN@c20220910 |
| 905 | @a河南城建学院图书馆@dR282-64@eL520@f2 | |
| 新编中国药典中药实用图谱/林余霖主编.-北京:华龄出版社,2021.05 |
| 13, 304页:图;24cm |
| 以《中华人民共和国药典 (2020年版第一部) 》为蓝本 |
| ISBN 978-7-5169-1859-3:CNY89.00 |
| 本书以《中华人民共和国药典》 (2020年版 一部) 为蓝本 (以下简称《药典》) , 详尽收栽了《药典》中普遍常用的300余种中药材, 精选原中药物种高度清晰彩色图片600余幅, 填补了国家药典没有原物种图片的空白。 |
| ● |
| 相关链接 |
|
|
|
正题名:新编中国药典中药实用图谱
索取号:R282-64/L520
 
预约/预借
| 序号 | 登录号 | 条形码 | 馆藏地/架位号 | 状态 | 备注 |
| 1 | 1575321 | 215753218 | 自科库401/401自科库 12排2列3层/ [索取号:R282-64/L520] | 在馆 | |
| 2 | 1575322 | 215753227 | 自科库401/401自科库 12排2列3层/ [索取号:R282-64/L520] | 在馆 |